000
nam a22 7a 4500
999
_c
55330
_d
55330
003
OSt
005
20220810111838.0
008
220810b xxu||||| |||| 00| 0 eng d
040
_c
IIMT UNIVERSITY MEERUT
100
_a
SMITH R W
245
_a
LINUX : NETWORKING FOR YROFICE-1st
260
_b
TECH MEDIA
300
_a
618
942
_2
ddc
_c
09